| 000 | 01608cam a2200409 a 4500 | ||
|---|---|---|---|
| 999 |
_c11120 _d11120 |
||
| 001 | 16857323 | ||
| 003 | OSt | ||
| 005 | 20201105095316.0 | ||
| 008 | 110705s2011 ii ab s f000 0 eng | ||
| 010 | _a 2011432063 | ||
| 020 | _a9780198072058 | ||
| 020 | _a0198072058 | ||
| 040 |
_aDLC _coclc _dDLC |
||
| 042 | _apcc | ||
| 043 | _aa-ii--- | ||
| 050 | 0 | 0 |
_aHC435.3 _b.I39 2011 |
| 082 |
_a338.954009 _bCOM/M |
||
| 100 |
_91018 _aPlanning Commission |
||
| 110 | 1 |
_aIndia. _bPlanning Commission. |
|
| 245 | 1 | 0 |
_aMid-term Appraisal Eleventh Five Year Plan (2007-2012) / _c Planning Commission |
| 246 | 3 | _aMid-term appraisal 11th five year plan, 2007-2012 | |
| 246 | 1 | 7 | _aMid-term appraisal of the eleventh five year plan |
| 260 |
_aNew Delhi : _bOxford University Press, _c2011. |
||
| 300 |
_a473 p _bill., map ; _c28 cm. |
||
| 500 | _a"Planning Commission, Govt. of India." | ||
| 500 | _aIncludes statistical tables. | ||
| 650 | 0 |
_aFinance, Public _zIndia. |
|
| 651 | 0 |
_aIndia _xEconomic policy _y1991- |
|
| 651 | 0 |
_aIndia _xEconomic policy _y1991- _vStatistics. |
|
| 651 | 0 |
_aIndia _xSocial policy. |
|
| 856 | 4 | 2 |
_3Contributor biographical information _uhttp://www.loc.gov/catdir/enhancements/fy1409/2011432063-b.html |
| 856 | 4 | 2 |
_3Publisher description _uhttp://www.loc.gov/catdir/enhancements/fy1409/2011432063-d.html |
| 856 | 4 | 1 |
_3Table of contents only _uhttp://www.loc.gov/catdir/enhancements/fy1409/2011432063-t.html |
| 906 |
_a7 _bcbc _corigode _d3 _encip _f20 _gy-gencatlg |
||
| 942 |
_2ddc _cBK _h338.954009 _iCOM/M _k338.954009 _mCOM/M |
||